विचारमूलक विश्व लोकोक्ति कोश:(अंग्रेजी-हिन्दी-अंग्रेज़ी) (Record no. 10761)

MARC details
000 -LEADER
fixed length control field 01480 a2200229 4500
005 - DATE AND TIME OF LATEST TRANSACTION
control field 20080828143856.0
008 - FIXED-LENGTH DATA ELEMENTS--GENERAL INFORMATION
fixed length control field 080828t xxu||||| |||| 00| 0 hin d
010 ## - LIBRARY OF CONGRESS CONTROL NUMBER
LC control number HIN-82621
020 ## - INTERNATIONAL STANDARD BOOK NUMBER
International Standard Book Number 8121401429
Terms of availability 375.00
035 ## - SYSTEM CONTROL NUMBER
System control number HN-54967
037 ## - SOURCE OF ACQUISITION
Source of stock number/acquisition पु.प्र.अ.प्र/प्रका
082 ## - DEWEY DECIMAL CLASSIFICATION NUMBER
Classification number 398.921
100 ## - MAIN ENTRY--PERSONAL NAME
Personal name गाबा, ओम् प्रकाश
245 ## - TITLE STATEMENT
Title विचारमूलक विश्व लोकोक्ति कोश:(अंग्रेजी-हिन्दी-अंग्रेज़ी)
Statement of responsibility, etc ओम् प्रकाश गाबा /
Remainder of title सृजनात्मक लेखन, अनुवाद-शिक्षा और मौलिक चिंतन की प्रेरणा के लिए उपयोगी संदर्भ-ग्रंथ
246 ## - VARYING FORM OF TITLE
Title proper/short title Vicharmulak Vishwa Lokokti Kosh
Remainder of title by O.P.Gauba
250 ## - EDITION STATEMENT
Edition statement 2रा संस्क
260 ## - PUBLICATION, DISTRIBUTION, ETC. (IMPRINT)
Place of publication, distribution, etc नई दिल्ली
Name of publisher, distributor, etc नेशनल पब्लिशिंग हाउस
Date of publication, distribution, etc 2006
270 ## - ADDRESS
Address 2/35, अंसारी रोड, दरियागंज
City नई दिल्ली
Postal code 110002
300 ## - PHYSICAL DESCRIPTION
Extent xii,328पृ
Dimensions 25सेमी (सजिल्द)
942 ## - ADDED ENTRY ELEMENTS (KOHA)
Institution code [OBSOLETE] dpl
Koha item type Hindi Books
Call number prefix 398.921 / गाबाओ
Source of classification or shelving scheme Dewey Decimal Classification
Classification part 398.921
Call number suffix गाबाओ
Holdings
Withdrawn status Lost status Damaged status Not for loan Home library Current library Date acquired Cost, normal purchase price Total Checkouts Full call number Barcode Date last seen Copy number Uniform Resource Identifier Cost, replacement price Price effective from Koha item type
        D.B.Act.Division D.B.Act.Division   375.00   398.921 गाबाओ HN-54967 15/09/2008 1 11853 375.00 15/09/2008 Hindi Books

© Delhi Public Library
Hit Counter
free hit counter